DEVOLUTION CASE DIGEST VOL 1 (Record no. 216676)

MARC details
000 -LEADER
fixed length control field 00411nam a22001457a 4500
008 - FIXED-LENGTH DATA ELEMENTS--GENERAL INFORMATION
fixed length control field 260225b |||||||| |||| 00| 0 eng d
020 ## - INTERNATIONAL STANDARD BOOK NUMBER
International Standard Book Number 978-9-9660-9430-8
050 ## - LIBRARY OF CONGRESS CALL NUMBER
Classification number KSK 2300.D48 2015
100 ## - MAIN ENTRY--PERSONAL NAME
Personal name NATIONAL COUNCIL FOR LAW REPORTING
245 ## - TITLE STATEMENT
Title DEVOLUTION CASE DIGEST VOL 1
260 ## - PUBLICATION, DISTRIBUTION, ETC.
Place of publication, distribution, etc. KENYA
Name of publisher, distributor, etc. NTIONAL COUNCIL FOR LAW REPORTING
Date of publication, distribution, etc. 2015
300 ## - PHYSICAL DESCRIPTION
Extent X,95
942 ## - ADDED ENTRY ELEMENTS (KOHA)
Source of classification or shelving scheme Library of Congress Classification
Koha item type Long Loan Book
Holdings
Withdrawn status Lost status Source of classification or shelving scheme Damaged status Not for loan Collection Home library Current library Shelving location Date acquired Inventory number Total checkouts Full call number Barcode Date last seen Copy number Price effective from Koha item type
    Library of Congress Classification     Law Kisii University Library Kisii University Library On Display 02/25/2026 111936   KSK 2300.D48 2015 A000111 02/25/2026 C.1 02/25/2026 Long Loan Book
    Library of Congress Classification     Law Kisii University Library Kisii University Library On Display 02/25/2026 111937   KSK 2300.D48 2015 A000112 02/25/2026 C.2 02/25/2026 Long Loan Book
    Library of Congress Classification     Law Kisii University Library Kisii University Library On Display 02/25/2026 111938   KSK 2300.D48 2015 A000109 02/25/2026 C.3 02/25/2026 Long Loan Book
    Library of Congress Classification     Law Kisii University Library Kisii University Library On Display 02/25/2026 111939   KSK 2300.D48 2015 A000110 02/25/2026 C.4 02/25/2026 Long Loan Book
    Library of Congress Classification     Law Kisii University Library Kisii University Library On Display 02/25/2026 111940   KSK 2300.D48 2015 A000107 02/25/2026 C.5 02/25/2026 Long Loan Book
    Library of Congress Classification     Law Kisii University Library Kisii University Library On Display 02/25/2026 111941   KSK 2300.D48 2015 A000108 02/25/2026 C.6 02/25/2026 Long Loan Book
    Library of Congress Classification     Law Kisii University Library Kisii University Library On Display 02/25/2026 111942   KSK 2300.D48 2015 A000106 02/25/2026 C.7 02/25/2026 Long Loan Book